The personality of Allah's last messenger Muhammad (BUH) (Record no. 10517)
[ view plain ]
| 000 -LEADER | |
|---|---|
| fixed length control field | 00391 a2200145 4500 |
| 040 ## - CATALOGING SOURCE | |
| Original cataloging agency | DLC |
| Language of cataloging | DLC |
| 082 ## - DEWEY DECIMAL CLASSIFICATION NUMBER | |
| Classification number | 297.63 |
| 100 ## - MAIN ENTRY--PERSONAL NAME | |
| Personal name | Abdul Waheed |
| 245 ## - TITLE STATEMENT | |
| Title | The personality of Allah's last messenger Muhammad (BUH) |
| Statement of responsibility, etc. | Abdul Waheed |
| 260 ## - PUBLICATION, DISTRIBUTION, ETC. | |
| Place of publication, distribution, etc. | Karachi |
| Date of publication, distribution, etc. | c2011 |
| 300 ## - PHYSICAL DESCRIPTION | |
| Extent | xii, 96 |
| 650 ## - SUBJECT ADDED ENTRY--TOPICAL TERM | |
| Topical term or geographic name entry element | Personality of Hazrat Muhammad (PBUH) |
| 700 ## - ADDED ENTRY--PERSONAL NAME | |
| Personal name | Abdul Waheed |
| 942 ## - ADDED ENTRY ELEMENTS (KOHA) | |
| Koha item type | Book |
| Call number prefix | 297.63 ABD |
| Source of classification or shelving scheme | |
| Withdrawn status | Lost status | Damaged status | Not for loan | Collection code | Permanent Location | Current Location | Shelving location | Date acquired | Source of acquisition | Cost, normal purchase price | Total Checkouts | Full call number | Barcode | Date last seen | Price effective from | Koha item type |
|---|---|---|---|---|---|---|---|---|---|---|---|---|---|---|---|---|
| Central Library (CL) | Central Library (CL) | First Floor - Islam | 06/22/2011 | Donation | 0.00 | 297.63 ABD | SEECS010588 | 11/14/2012 | 01/05/2017 | Book | ||||||
| Central Library (CL) | Central Library (CL) | First Floor - Islam | 297.63 ABD | SEECSD00524 | 11/14/2012 | 01/05/2017 | Book | |||||||||
| Central Library (CL) | Central Library (CL) | First Floor - Islam | 10/23/2014 | Donation | 297.63 ABD | SEECSD01058 | 10/21/2014 | 10/21/2014 | Book |
